Statistics for Rainbow six siege voice lines

Click here to take the quiz!

General Stats

  • This quiz has been taken 1,564 times
  • The average score is 11 of 15

Answer Stats

Voice linesAnswer% Correct
If it runs on batteries I’ll see itIq
89%
Average person’s heartbeatPulse
89%
LMG mounted and loaded!Tachanka
89%
What does an artist and a sniper have in common, detailsGlaz
88%
Pass those plates aroundRook
86%
Fookin laser sightsThatcher
83%
What’s in the canisterSmoke
81%
*silence*Mute
78%
Somone’s calling youDokkaebi
76%
10km of internal wiringTwitch
69%
They forget the first rule of survivalKapkan
65%
I think i’m Going to lie down for a bitEcho
62%
Do you think I have time to use the bathroomBlitz
49%
AmateursCastle
47%
I knew this guy once, I broke his droneYing
24%

Score Distribution

Percentile by Number Answered

Percent of People with Each Score

Your Score History

You have not taken this quiz